Minor Civil Divisions (Townships) of South Dakota With a Map - Statistics

General Stats
  • This quiz has been taken 136 times
  • The average score is 107 of 1331
Answers on the Map
Answers color-coded by a green-red scale on the quiz's map according to % correct below.
 
Answer Stats
County MCD % Correct
Hughes Pierre
79%
Lincoln | Minnehaha Sioux Falls
79%
Brown | Clark | Douglas | +4 others Lincoln
63%
Aurora | Clark | Douglas Washington
62%
Pennington Rapid City
60%
Yankton Yankton
54%
Charles Mix | Sanborn Jackson
52%
Edmunds | Grant | Lake Madison
51%
Brookings Brookings
48%
Perkins Ada
47%
McCook | Moody | Spink | Union Jefferson
47%
Grant | Miner Adams
46%
Aurora | Clark | Codington | +4 others Lake
46%
Brown Aberdeen
42%
Beadle | Corson | Custer Custer
42%
Jerauld | Lake Franklin
42%
Clark | Douglas | Faulk | Perkins Clark
41%
Beadle | Lincoln | McCook | Roberts Grant
41%
Aurora | Brookings Aurora
40%
Harding | Jones | Marshall | +2 others Buffalo
40%
Tripp Black
38%
Meade Dakota
38%
Turner Monroe
36%
Codington Watertown
36%
Davison Mitchell
35%
Brookings | Marshall White
35%
Gregory | Perkins Jones
33%
Brule | Butte | Davison | +8 others Union
33%
Turner Davis
32%
Tripp King
32%
Meade Sturgis
32%
Mellette Butte
31%
Gregory Gregory
31%
Hamlin Hamlin
31%
Charles Mix | Roberts Lawrence
31%
Clark Day
30%
Spink Harrison
30%
Clay | Miner Vermillion
30%
Marshall Fort
28%
Beadle | Pennington Huron
28%
Spink Mellette
28%
Hand | Marshall Miller
28%
Union Spink
28%
Jackson | Pennington Wall
28%
Hanson Hanson
27%
Lawrence Spearfish
27%
Turner Turner
27%
Brule | Union Brule
26%
Hand Campbell
26%
Charles Mix | Marshall Hamilton
26%
Union North Sioux City
26%
Spink Spring
26%
Hutchinson Tripp
26%
Tripp Sully
25%
Minnehaha Brandon
23%
Brule Chamberlain
23%
Stanley Fort Pierre
23%
Bon Homme Springfield
23%
Hanson | Tripp Taylor
23%
Lawrence Deadwood
22%
Miner Clinton
21%
Fall River Hot Springs
21%
Charles Mix | Meade | Miner Howard
21%
Miner Miner
21%
Edmunds Belle
20%
Butte Belle Fourche
20%
Meade Belle Fourche-Cheyenne Valleys
20%
Perkins Bison
20%
Aurora Center
20%
Brule | Edmunds | Hamlin Cleveland
20%
Jerauld Crow
20%
Brule | Meade Eagle
20%
Lincoln Harrisburg
20%
Roberts Lee
20%
Hand Park
20%
Tripp Winner
20%
Meade | Pennington Box Elder
19%
Lawrence Central City
19%
Brown Columbia
19%
Bennett | Perkins Martin
19%
Turner Parker
19%
Mellette Rosebud
19%
Day Webster
19%
Day | Hand York
19%
Lincoln Canton
17%
Kingsbury De Smet
17%
Roberts Hart
17%
Kingsbury Manchester
17%
Turner Marion
17%
Perkins | Tripp Wilson
17%
Douglas | Lake Chester
16%
Hutchinson Clayton
16%
Clark | Clay | Douglas | +3 others Garfield
16%
Pennington Hill City
16%
Pennington Rainy Creek/Cheyenne
16%
Spink Redfield
16%
Marshall | Roberts Sisseton
16%
Minnehaha Hartford
15%
Brown | Codington Henry
15%
Beadle | Douglas Iowa
15%
Pennington Keystone
15%
Lawrence Lead
15%
Charles Mix Platte
15%
Lincoln Tea
15%
Brookings | Kingsbury Arlington
14%
Bon Homme Avon
14%
Grant Big Stone
14%
Union Elk Point
14%
Moody Flandreau
14%
Jackson Kadoka
14%
Grant Milbank
14%
Walworth Mobridge
14%
McCook | Turner Salem
14%
Brookings | Faulk | Minnehaha Sherman
14%
Beadle | Hand Wessington
14%
Hanson Alexandria
12%
McCook | Minnehaha | Spink Benton
12%
Day | Sanborn Butler
12%
Tripp Carter
12%
Hutchinson Fair
12%
Hyde Highmore
12%
Corson | Perkins Lemmon
12%
Beadle | Brown | Day | +3 others Liberty
12%
Corson McIntosh
12%
Marshall McKinley
12%
Pennington Mount Rushmore
12%
Jones Murdo
12%
Grant Stockholm
12%
Lake | Roberts Summit
12%
Jerauld Wessington Springs
12%
Beadle Allen
11%
Marshall Britton
11%
Hamlin Castlewood
11%
Faulk | Turner Centerville
11%
Ziebach Dupree
11%
Dewey | Ziebach Eagle Butte
11%
Brookings Elkton
11%
Codington | Hamlin | Hand Florence
11%
Minnehaha Humboldt
11%
Charles Mix Kennedy
11%
Deuel Lowe
11%
Todd Mission
11%
Haakon Philip
11%
Beadle | Brookings | Brown | +6 others Richland
11%
Dewey Timber Lake
11%
Bon Homme Tyndall
11%
Beadle | Day | Douglas | +3 others Valley
11%
Hanson | Lake | Minnehaha Wayne
11%
Mellette White River
11%
Mellette Wood
11%
Clark | Pennington Ash
10%
Minnehaha Burk
10%
Deuel | Edmunds | Minnehaha Clear Lake
10%
Gregory Dallas
10%
Minnehaha Dell Rapids
10%
Clark | Codington | Lincoln | Marshall Eden
10%
Clay | Faulk | Hanson | +3 others Fairview
10%
Brown Frederick
10%
Minnehaha Garretson
10%
Potter Gettysburg
10%
Hand Grand
10%
Hamlin Hayti
10%
Edmunds | Lincoln Hudson
10%
Edmunds Kent
10%
Codington | McPherson Leola
10%
Roberts Minnesota
10%
Davison | Lincoln Perry
10%
Brule Plainfield
10%
Brown | Clay | Hand | Mellette Riverside
10%
Walworth Selby
10%
Codington Sheridan
10%
Brule Smith
10%
Codington Wallace
10%
Clark | Sanborn Warren
10%
Sanborn Woonsocket
10%
Lincoln | Union Beresford
9%
Aurora | Day Bristol
9%
Charles Mix Bryan
9%
Hand Cedar
9%
Minnehaha Colton
9%
Minnehaha Crooks
9%
Hamlin Estelline
9%
Meade Faith
9%
Faulk Faulkton
9%
Hanson Fulton
9%
Brown Greenfield
9%
Brown Groton
9%
Jackson Interior
9%
Edmunds Ipswich
9%
Lyman Kennebec
9%
Charles Mix Lake Andes
9%
Jerauld Lane
9%
Beadle | Clark | Hand | +3 others Logan
9%
Hutchinson Menno
9%
Marshall Newark
9%
Sully Onida
9%
Hutchinson Parkston
9%
Aurora Plankinton
9%
Union Prairie
9%
Lyman Presho
9%
Davison | Deuel Rome
9%
Beadle | Grant Vernon
9%
Turner Viborg
9%
Clark Vienna
9%
Brookings Volga
9%
Yankton Volin
9%
Day Waubay
9%
Hanson Worthen
9%
Grant Alban
7%
Day Andover
7%
Douglas Armour
7%
Spink Ashton
7%
Minnehaha Baltic
7%
Miner Beaver
7%
Perkins Beck-Highland
7%
Deuel Brandt
7%
Gregory Burke
7%
Charles Mix Carroll
7%
Pennington Central Pennington
7%
Fall River Edgemont
7%
Aurora | Brookings | McPherson Eureka
7%
Faulk Freedom
7%
Hutchinson Freeman
7%
Moody Fremont
7%
Deuel Gary
7%
Yankton Gayville
7%
Custer Hermosa
7%
Brown | Brule | Charles Mix | +3 others Highland
7%
Turner Hurley
7%
Day | Douglas Independence
7%
Hanson Jasper
7%
Lincoln Lennox
7%
Lyman | Stanley Lower Brule
7%
Brule Lyon
7%
Haakon | Hand Midland
7%
Campbell Mound City
7%
Pennington New Underwood
7%
Harding North Harding
7%
Lyman Oacoma
7%
Hutchinson Olivet
7%
Bon Homme | Day Scotland
7%
Harding South Harding
7%
Todd St. Francis
7%
Meade Summerset
7%
Deuel Toronto
7%
Moody Trent
7%
Day | Grant Troy
7%
Yankton Utica
7%
Marshall | Roberts Victor
7%
Brown Warner
7%
Brule | Clark Willow Lake
7%
Roberts Wilmot
7%
Deuel Astoria
6%
Grant Big Stone City
6%
Edmunds Bowdle
6%
Brookings Bruce
6%
McCook Canistota
6%
McPherson Carl
6%
Moody Clare
6%
Moody Colman
6%
Tripp Colome
6%
Douglas Corsica
6%
Buffalo | Hughes | Hyde Crow Creek
6%
Lincoln | Marshall Dayton
6%
Bennett East Bennett
6%
Butte East Butte
6%
Corson East Corson
6%
Haakon East Haakon
6%
Moody Egan
6%
Davison Ethan
6%
Spink Frankfort
6%
Brown Garland
6%
Charles Mix Geddes
6%
Hughes Harrold
6%
Brown Hecla
6%
Campbell Herreid
6%
Brule Kimball
6%
Codington Kranzburg
6%
Marshall Lake City
6%
Meade Lakeside
6%
Marshall Langford
6%
Potter Lebanon
6%
Davison Lisbon
6%
Corson McLaughlin
6%
McCook Montrose
6%
Corson Morristown
6%
Brookings Oslo
6%
Tripp Plainview
6%
Brule Pukwana
6%
Faulk Pulaski
6%
Charles Mix Ree
6%
Edmunds Roscoe
6%
Roberts Rosholt
6%
Day Roslyn
6%
Codington South Shore
6%
McCook Spencer
6%
Spink Tulare
6%
Grant Twin Brooks
6%
Clay Wakonda
6%
Bennett West Bennett
6%
Butte West Butte
6%
Corson West Corson
6%
Haakon West Haakon
6%
Marshall Weston
6%
Lincoln Worthing
6%
Beadle Yale
6%
Sully Agar
5%
Grant Albee
5%
Union Alcester
5%
Jerauld Alpena
5%
Campbell Artas
5%
Brown Bath
5%
Hughes Blunt
5%
Gregory Bonesteel
5%
Clark Bradley
5%
McCook Bridgewater
5%
Edmunds | Faulk | Hamlin | Roberts Bryant
5%
Custer Buffalo Gap
5%
Perkins Chance
5%
Turner Chancellor
5%
Brown Claremont
5%
Mellette Cody
5%
Spink Conde
5%
Clark | Jackson Cottonwood
5%
Lincoln Delaware
5%
Douglas Delmont
5%
Hutchinson Dimock
5%
Spink Doland
5%
Custer East Custer
5%
Hanson | McCook Emery
5%
Gregory Fairfax
5%
Beadle Fairfield
5%
Hanson Farmer
5%
Day | Grant | Lake Farmington
5%
Sanborn Floyd
5%
Clark Garden City
5%
Deuel Goodwin
5%
Tripp Greenwood
5%
McPherson Hillsview
5%
Beadle Hitchcock
5%
Turner Home
5%
Edmunds Hosmer
5%
Potter Hoven
5%
Pennington Imlay
5%
Clay | Turner | Yankton Irene
5%
Beadle | Kingsbury Iroquois
5%
Dewey Isabel
5%
Walworth Java
5%
Hamlin Lake Norden
5%
Kingsbury Lake Preston
5%
McPherson Long Lake
5%
Minnehaha Lyons
5%
Hutchinson Milltown
5%
Yankton Mission Hill
5%
Clark Naples
5%
Roberts New Effington
5%
Butte Newell
5%
Butte Nisland
5%
Dewey North Dewey
5%
Ziebach North Ziebach
5%
Clay | Lincoln | Roberts | Turner Norway
5%
Fall River Oelrichs
5%
Hand Ohio
5%
Jones Okaton
5%
Roberts Ortley
5%
Roberts Peever
5%
Charles Mix Pickstown
5%
Campbell Pollock
5%
Deuel Portland
5%
Brookings Preston
5%
Fall River Provo
5%
Pennington Quinn
5%
Clark Raymond
5%
Lyman Reliance
5%
Faulk Seneca
5%
Dewey South Dewey
5%
Ziebach South Ziebach
5%
Roberts Spring Grove
5%
Tripp Stewart
5%
Aurora Stickney
5%
Hand St. Lawrence
5%
Spink Sumner
5%
Bon Homme Tabor
5%
Butte Vale
5%
Minnehaha Valley Springs
5%
Marshall Veblen
5%
Brown Verdon
5%
Charles Mix Wagner
5%
Moody Ward
5%
Perkins Wells
5%
Lake Wentworth
5%
Custer West Custer
5%
Pennington West Pennington
5%
Day Wheatland
5%
Hand Wheaton
5%
Aurora White Lake
5%
Roberts White Rock
5%
Beadle Wolsey
5%
Roberts Agency
4%
Walworth Akaska
4%
Deuel Altamont
4%
Roberts Alto
4%
Sanborn Artesian
4%
Spink Athol
4%
Davison | Kingsbury Baker
4%
Kingsbury Bancroft
4%
Brown | Hand Bates
4%
Jackson Belvidere
4%
Clay Bethel
4%
Beadle Broadland
4%
McCook Brookfield
4%
Lincoln Brooklyn
4%
Brookings Bushnell
4%
Miner Carthage
4%
Beadle Cavour
4%
Lyman Central Lyman
4%
Faulk Chelsea
4%
Roberts Claire City
4%
Miner Clearwater
4%
Lake Concord
4%
Roberts Corona
4%
Spink Crandon
4%
Jerauld Crow Lake
4%
Charles Mix Dante
4%
Hamlin Dempster
4%
Kingsbury Denver
4%
Perkins De Witt
4%
Jones Draper
4%
Oglala Lakota East Oglala Lakota
4%
Sully East Sully
4%
Todd East Todd
4%
Walworth East Walworth
4%
Union Emmet
4%
Kingsbury Erwin
4%
Kingsbury Esmond
4%
Custer Fairburn
4%
Butte Fruitdale
4%
Grant Georgia
4%
Hutchinson German
4%
Edmunds Glen
4%
Walworth Glenham
4%
Day Grenville
4%
Hamlin Hazel
4%
Deuel | Gregory Herrick
4%
Douglas Holland
4%
Hutchinson Kaylor
4%
Tripp Keyapaha
4%
Yankton Lesterville
4%
Sanborn Letcher
4%
Hand Linn
4%
Walworth Lowry
4%
Grant Marvin
4%
Yankton Mayfield
4%
Turner Middleton
4%
Tripp Millboro
4%
Charles Mix Moore
4%
Mellette Mosher
4%
Davison Mount Vernon
4%
Marshall Newport
4%
Lawrence North Lawrence
4%
Meade North Meade
4%
Spink Northville
4%
Brule Ola
4%
Faulk Orient
4%
Brown | Grant Osceola
4%
Meade Piedmont
4%
Day Pierpont
4%
Brown Portage
4%
Edmunds Powell
4%
Brown Putney
4%
Lake Ramona
4%
Codington Rauville
4%
Hand Ree Heights
4%
Grant Revillo
4%
Spink Richfield
4%
Faulk Rockham
4%
Miner Roswell
4%
Pennington Scenic
4%
Brookings Sinai
4%
Lawrence South Lawrence
4%
Meade Southwest Meade
4%
Clay Star
4%
Brown Stratford
4%
Potter Tolstoy
4%
Brookings Trenton
4%
Spink Turton
4%
Beadle | Jones Virgil
4%
Corson Wakpala
4%
Pennington Wasta
4%
Codington | Marshall Waverly
4%
Lyman West Lyman
4%
Oglala Lakota West Oglala Lakota
4%
Sully West Sully
4%
Todd West Todd
4%
Walworth West Walworth
4%
McPherson Wetonka
4%
Kingsbury | Lawrence Whitewood
4%
Tripp Witten
4%
Tripp Wright
4%
Faulk Zell
4%
Moody Alliance
2%
Brookings Argo
2%
Oglala Lakota Batesland
2%
Tripp Beaver Creek
2%
Douglas | Spink Belmont
2%
Union Big Springs
2%
Clark | Jerauld Blaine
2%
Beadle Bonilla
2%
Hand Burdette
2%
Harding Camp Crook
2%
Miner Canova
2%
Hand Carlton
2%
Mellette Cedarbutte
2%
Pennington Cedar Butte
2%
Potter Central Potter
2%
Clark Collins
2%
Aurora Cooper
2%
Faulk Cresbard
2%
Jerauld Dale
2%
Faulk Devoe
2%
Gregory | Hamlin Dixon
2%
Turner Dolton
2%
Pennington East Central Pennington
2%
Lyman East Lyman
2%
Potter East Potter
2%
Meade Elm Springs
2%
Clark Fordham
2%
Miner Grafton
2%
Perkins Hall
2%
Beadle | Kingsbury Hartland
2%
Kingsbury Hetland
2%
Faulk Hillsdale
2%
Edmunds Hillside
2%
Day Homer
2%
Tripp Ideal
2%
Lyman Iona
2%
Faulk Irving
2%
Yankton Jamesville
2%
Douglas Joubert
2%
Codington Kampeska
2%
Grant La Bolt
2%
Lake Lake View
2%
Marshall Lowell
2%
Perkins Meadow
2%
Clay Meckling
2%
Brookings Medary
2%
Beadle Milford
2%
Day Morton
2%
Clark Mount Pleasant
2%
Mellette Norris
2%
Campbell North Campbell
2%
Bon Homme Northeast Bon Homme
2%
Fall River Northeast Fall River
2%
Stanley North Stanley
2%
Bon Homme Northwest Bon Homme
2%
Brookings Oakwood
2%
Edmunds Odessa
2%
Kingsbury Oldham
2%
Faulk Onaka
2%
Sanborn Oneida
2%
Brown Ordway
2%
Pennington Owanka
2%
Hamlin Oxford
2%
Clark | Hanson | Hutchinson | +2 others Pleasant
2%
Custer Pringle
2%
Brown | Charles Mix Ravinia
2%
Brule Red Lake
2%
Moody Riverview
2%
Perkins Rockford
2%
Hutchinson Sharon
2%
Brown Shelby
2%
Campbell South Campbell
2%
Bon Homme Southeast Bon Homme
2%
Jackson Southeast Jackson
2%
Stanley South Stanley
2%
Bon Homme Southwest Bon Homme
2%
Fall River Southwest Fall River
2%
Jackson Southwest Jackson
2%
Moody Spring Creek
2%
Lawrence St. Onge
2%
Grant Strandburg
2%
Pennington Sunnyside
2%
Miner Vilas
2%
Lyman Vivian
2%
Minnehaha Wellington
2%
Hughes West Hughes
2%
Brown Westport
2%
Potter West Potter
2%
Lake Winfred
2%
Clark Woodland
2%
Brookings | Sanborn Afton
1%
Brookings Alton
1%
Brule America
1%
Perkins | Spink Antelope
1%
Davison | Kingsbury Badger
1%
Mellette Bad Nation
1%
Lyman Bailey
1%
Beadle | Perkins Barrett
1%
Spink Belle Plaine
1%
Beadle Belle Prairie
1%
Union Big Sioux
1%
Mellette Blackpipe
1%
Lake Brant Lake
1%
Spink Brentford
1%
Meade Buffalo Chip
1%
Brown Carlisle
1%
Pennington | Perkins Castle Butte
1%
Hyde Central Hyde
1%
McPherson Central McPherson
1%
Mellette Central Mellette
1%
Beadle | Spink Clifton
1%
Beadle Clyde
1%
Spink Cornwall
1%
Charles Mix | Clark Darlington
1%
Beadle Dearborn
1%
Codington Dexter
1%
Douglas East Choteau
1%
Roberts Easter
1%
Hanson Edgerton
1%
Minnehaha Edison
1%
Codington Elmira
1%
Clark Elrod
1%
Pennington Flat Butte
1%
Beadle | Hutchinson | Perkins Foster
1%
Edmunds Fountain
1%
Codington | Turner Germantown
1%
Deuel Grange
1%
Spink Great Bend
1%
Miner Green Valley
1%
Clark Hague
1%
Roberts Harmon
1%
Edmunds | Jerauld | Spink Harmony
1%
Hand Holden
1%
Aurora Hopper
1%
Tripp Irwin
1%
Tripp Jordan
1%
Pennington Lake Creek
1%
Pennington Lake Flat
1%
Pennington Lake Hill
1%
Perkins Lodgepole
1%
Charles Mix | Perkins | Tripp Lone Tree
1%
Perkins Marshfield
1%
Grant Melrose
1%
Edmunds Montpelier
1%
Perkins Moreau
1%
Tripp New Witten
1%
Deuel | Hamlin Norden
1%
Buffalo North Buffalo
1%
Jackson Northeast Jackson
1%
Gregory North Gregory
1%
Hughes North Hughes
1%
Hyde North Hyde
1%
Jones North Jones
1%
Jackson Northwest Jackson
1%
Lake Nunda
1%
Lake Orland
1%
Aurora Patten
1%
Pennington Peno
1%
Brule Plummer
1%
Corson Prairie View
1%
Day Racine
1%
McCook Ramsey
1%
Corson Ridgeland
1%
Turner Rosefield
1%
Tripp Roseland
1%
Brown Savo
1%
Pennington Shyne
1%
Meade Smithville
1%
Gregory Southeast Gregory
1%
Lincoln | Roberts Springdale
1%
Clark | McCook | Turner Spring Valley
1%
Hutchinson Starr
1%
Marshall Stena
1%
Brookings Sterling
1%
Perkins Strool
1%
Hutchinson Sweet
1%
Perkins Trail
1%
Meade Upper Red Owl
1%
Perkins Vail
1%
Union Virginia
1%
Corson Watauga
1%
Tripp Weaver
1%
McPherson West McPherson
1%
Jackson Weta
1%
Perkins White Butte
1%
Brule Wilbur
1%
Hutchinson Wolf Creek
1%
Edmunds Adrian
0%
Hand Alden
0%
Brown Allison
0%
Hand Alpha
0%
Beadle Altoona
0%
Jerauld Anina
0%
Deuel Antelope Valley
0%
Faulk Arcade
0%
Fall River Argentine
0%
Lake Badus
0%
Brookings Bangor
0%
Beadle | Tripp Banner
0%
Roberts Becker
0%
Aurora Belford
0%
Miner Belleview
0%
Sanborn Benedict
0%
Spink Beotia
0%
Davison | Hanson Beulah
0%
Lyman Black Dog
0%
Davison Blendon
0%
Moody Blinsmon
0%
Deuel Blom
0%
Grant Blooming Valley
0%
Roberts Bossko
0%
Brown Brainard
0%
Hamlin Brantford
0%
Turner Brothersfield
0%
Tripp Brunson
0%
Tripp Bull Creek
0%
Perkins Burdick
0%
Beadle Burr Oak
0%
Brown Cambria
0%
Hutchinson Capital
0%
Spink Capitola
0%
Beadle Carlyle
0%
Perkins Cash
0%
Charles Mix Castalia
0%
Jones Central Jones
0%
Perkins Central Perkins
0%
Day Central Point
0%
Perkins Chaudoin
0%
Jerauld Chery
0%
Turner Childstown
0%
Charles Mix Choteau Creek
0%
Union Civil Bend
0%
Lake Clarno
0%
Edmunds Cloyd Valley
0%
Hand Como
0%
Pennington Conata
0%
Tripp Condon
0%
Edmunds Cortlandt
0%
Edmunds Cottonwood Lake
0%
Pennington Crooked Creek
0%
Hutchinson Cross Plains
0%
Aurora Crystal Lake
0%
Tripp Curlew
0%
Pennington Dalzell Canyon
0%
Turner Daneville
0%
Lincoln Delapre
0%
Sanborn Diana
0%
Tripp Dog Ear
0%
Roberts Dry Wood Lake
0%
Aurora Dudley
0%
Perkins Duell
0%
Marshall Dumarce
0%
Jones Dunkel
0%
Gregory East Gregory
0%
Brown East Hanson
0%
Brown East Rondell
0%
Gregory Edens
0%
Day Egeland
0%
Sanborn Elliott
0%
Tripp Elliston
0%
Faulk Ellisville
0%
Buffalo Elvira
0%
Faulk Emerson
0%
Perkins Englewood
0%
Faulk | Moody | Roberts Enterprise
0%
Spink Exline
0%
Aurora Firesteel
0%
Perkins Flat Creek
0%
Charles Mix Forbes
0%
Clark Foxton
0%
Brown Franklyn
0%
Perkins Fredlund
0%
Codington Fuller
0%
Aurora Gales
0%
Brown Garden Prairie
0%
Tripp Gassman
0%
Brown Gem
0%
Roberts Geneseo
0%
Hand Gilbert
0%
Hand Glendale
0%
Perkins Glendo
0%
Clay | Deuel Glenwood
0%
Edmunds Glover
0%
Roberts Goodwill
0%
Charles Mix Goose Lake
0%
Codington Graceland
0%
Minnehaha Grand Meadow
0%
Perkins Grand River
0%
Brule | Douglas | Hutchinson | Jones Grandview
0%
Jackson Grandview II
0%
Grant Grant Center
0%
McCook Greenland
0%
Hand Greenleaf
0%
Spink Groveland
0%
Moody Grovena
0%
Deuel Havana
0%
Miner Henden
0%
Lake Herman
0%
Marshall Hickman
0%
Deuel Hidewood
0%
Hand Hiland
0%
McPherson Hoffman
0%
Tripp Holsclaw
0%
Perkins Horse Creek
0%
Tripp Huggins
0%
Hand Hulbert
0%
Edmunds Huntley
0%
Jackson Jewett
0%
Hutchinson Kassel
0%
Beadle Kellogg
0%
Day Kidder
0%
Grant Kilborn
0%
Jones Kolls
0%
Day Kosciusko
0%
Hutchinson Kulm
0%
Marshall La Belle
0%
Faulk Lafoon
0%
Beadle Lake Byron
0%
Charles Mix Lake George
0%
Brookings Lake Hendricks
0%
Brookings Lake Sinai
0%
Brookings Laketon
0%
Tripp Lamro
0%
Gregory Landing Creek
0%
Brown Lansing
0%
Spink La Prairie
0%
Charles Mix La Roche
0%
Lincoln La Valley
0%
Lake Le Roy
0%
Kingsbury Le Sueur
0%
Roberts Lien
0%
Roberts Lockwood
0%
Spink Lodi
0%
Moody Lone Rock
0%
Tripp Lone Star
0%
Roberts Long Hollow
0%
Grant Lura
0%
Day | Lincoln | Moody Lynn
0%
Perkins Maltby
0%
Minnehaha Mapleton
0%
Yankton Marindahl
0%
Jerauld Marlar
0%
Kingsbury Mathews
0%
Clark Maydell
0%
Grant Mazeppa
0%
Tripp McNeely
0%
Jerauld Media
0%
Brown Mercier
0%
Clark Merton
0%
Edmunds Modena
0%
Hutchinson Molan
0%
Hand Mondamin
0%
Jones Mullen
0%
Jones Mussman
0%
Faulk Myron
0%
Beadle Nance
0%
Brown New Hope
0%
Mellette New Surprise Valley
0%
Marshall Nordland
0%
Edmunds North Bryant
0%
Brown North Detroit
0%
Pennington Northeast Pennington
0%
Perkins Northeast Perkins
0%
Perkins North Perkins
0%
Hand Northwest Hand
0%
Day Nutley
0%
Day Oak Gulch
0%
Hutchinson Oak Hollow
0%
Brookings Oak Lake
0%
Spink Olean
0%
Faulk O'Neil
0%
Brown Oneota
0%
Roberts One Road
0%
Hand Ontario
0%
Hamlin Opdahl
0%
Tripp Pahapesto
0%
Aurora Palatine
0%
Minnehaha Palisade
0%
Brown Palmyra
0%
Brookings Parnell
0%
Hand | McCook Pearl
0%
Beadle Pearl Creek
0%
Codington Pelican
0%
Edmunds Pembrook
0%
Codington Phipps
0%
Faulk Pioneer
0%
Charles Mix Plain Center
0%
Hanson Plano
0%
Perkins Plateau
0%
Hand Plato
0%
Brule Pleasant Grove
0%
Aurora Pleasant Lake
0%
Corson Pleasant Ridge
0%
Aurora | Clay | Gregory | +4 others Pleasant Valley
0%
Beadle | Tripp Pleasant View
0%
Clay | Spink Prairie Center
0%
Brown Prairiewood
0%
Lyman Pratt
0%
Tripp Progressive
0%
Mellette Prospect
0%
Davison Prosper
0%
Hughes Raber
0%
Perkins Rainbow
0%
Tripp Rames
0%
Pennington Rapid City East
0%
Day Raritan
0%
Sanborn Ravenna
0%
Mellette Red Fish
0%
Marshall Red Iron Lake
0%
Minnehaha Red Rock
0%
Miner Redstone
0%
Lyman Rex
0%
Charles Mix Rhoda
0%
Jones Rich Valley
0%
Mellette Ring Thunder
0%
Miner Rock Creek
0%
Hand Rockdale
0%
Mellette Rocky Ford
0%
Corson Rolling Green
0%
Clark | Hanson | Tripp Rosedale
0%
Hand Rose Hill
0%
Edmunds Rosette
0%
Charles Mix Rouse
0%
Mellette Running Bird
0%
Day Rusk
0%
Lake Rutland
0%
Beadle Sand Creek
0%
Edmunds Sangamon
0%
Faulk Saratoga
0%
Deuel Scandinavia
0%
Gregory Schriever
0%
Perkins Scotch Cap
0%
Jones Scovil
0%
Perkins Sidney
0%
Charles Mix Signal
0%
Sanborn Silver Creek
0%
Hutchinson Silver Lake
0%
Union Sioux Valley
0%
Jones South Creek
0%
Brown South Detroit
0%
Buffalo Southeast Buffalo
0%
Yankton Southeast Yankton
0%
Perkins South Perkins
0%
Faulk Southwest Faulk
0%
Kingsbury Spirit Lake
0%
Clay Spirit Mound
0%
Minnehaha Split Rock
0%
Hand Spring Hill
0%
Hand | Hanson | Kingsbury Spring Lake
0%
Tripp Star Prairie
0%
Gregory | Tripp Star Valley
0%
McCook Sun Prairie
0%
Mellette Surprise Valley
0%
Hutchinson Susquehanna
0%
Minnehaha Sverdrup
0%
Turner Swan Lake
0%
Faulk Tamworth
0%
Minnehaha Taopi
0%
Spink Tetonka
0%
Beadle Theresa
0%
Clark Thorp
0%
Spink Three Rivers
0%
Davison Tobin
0%
Brule Torrey Lake
0%
Aurora Truro
0%
Yankton Turkey Valley
0%
Sanborn Twin Lake
0%
Edmunds Vermont
0%
Jerauld Viola
0%
Perkins Vrooman
0%
McPherson Wachter
0%
McPherson Wacker
0%
Charles Mix Wahehe
0%
Brule Waldro
0%
Minnehaha Wall Lake
0%
Douglas Walnut Grove
0%
Yankton Walshtown
0%
McPherson Weber
0%
Faulk Wesley
0%
Gregory West Gregory
0%
Brown West Hanson
0%
Jones Westover
0%
Brule West Point
0%
Brown West Rondell
0%
Yankton West Yankton
0%
Perkins White Hill
0%
Beadle Whiteside
0%
Charles Mix White Swan
0%
Hyde William Hamilton
0%
Jones Williams Creek
0%
Tripp Willow Creek
0%
Brookings Winsor
0%
Marshall Wismer
0%
Hutchinson Wittenberg
0%
Tripp Wortman
0%
Jones Zickrick
0%
No matching quizzes found
Score Distribution
Percent of People with Each Score
Percentile by Number Answered
Your Score History
You have not taken this quiz